Vista normal
Vista MARC
Entrada Meeting Name
Número de registros utilizados en: 1
001 - CONTROL NUMBER
- control field: 40255
003 - CONTROL NUMBER IDENTIFIER
- control field: OSt
005 - DATE AND TIME OF LATEST TRANSACTION
- control field: 20210910145208.0
008 - FIXED-LENGTH DATA ELEMENTS
- fixed length control field: 210910|| aca||aabn | a|a d
040 ## - CATALOGING SOURCE
- Original cataloging agency: OSt
- Transcribing agency: OSt
111 ## - HEADING--MEETING NAME
- Meeting name or jurisdiction name as entry element: Seminario Internacional de Modernización Social.
- Date of meeting or treaty signing: (1999 :
- Location of meeting: Medellín)
670 ## - SOURCE DATA FOUND
- Source citation: Work cat.: (OSt)8582: 17692, Memorias Macroeconomía para la equidad / , 2000